| 000 | 00396nam a2200133Ia 4500 | ||
|---|---|---|---|
| 008 | 211109s9999||||xx |||||||||||||| ||und|| | ||
| 082 |
_a230 _bAGU-A |
||
| 100 | _aAgustian, A K | ||
| 245 | 0 | _aAlmayer Karma Rengathu | |
| 260 |
_bS h LEAGUE, ALWAYE NORTH P.O KERALA _aINDIA _c1960 |
||
| 630 | _xGeneral Stack | ||
| 650 |
_aChristianity & Christian theology _vChristianity _xGeneralia |
||
| 942 | _cBOOK | ||
| 999 |
_c22865 _d22865 |
||